| 000 | 00427pab a2200157 454500 | ||
|---|---|---|---|
| 008 | 180718b2002 xxu||||| |||| 00| 0 eng d | ||
| 100 | _aIyer, Padma | ||
| 245 | _aWomen entrepreneurs of Uttaranchal | ||
| 260 | _c2002 | ||
| 300 | _ap.23-30. | ||
| 362 | _aApr-Jun | ||
| 650 | _aWomen in business - India - Uttaranchal | ||
| 650 | _aWomen in business | ||
| 773 | _aIndian Journal of Training and Development | ||
| 909 | _a53407 | ||
| 999 |
_c53407 _d53407 |
||